Araignées de fiction - Statistiques

Statistiques générales
  • Ce quiz a été pris 44 fois
  • Le résultat moyen est 5 sur 20
Statistiques - réponses
Par images Réponse % Correct
Aragog, Harry Potter
90%
Migalos, Pokémon
74%
Babyface, Toy Story
49%
Arachné, Le Seigneur des Anneaux
46%
Facehugger, Alien
41%
Arayée, Mario
38%
Arachno-Singe, Ben 10 Alien Force
33%
Black Maria, One Piece
28%
Skullttula, The Legend of Zelda
23%
Araignée dwemer, The Elder Scrolls
18%
JiraiGumo, Yu-Gi-Oh
18%
Lucas, Lucas l'Araignée
15%
Rosie, 1001 pattes
13%
Freja, Dark Souls
8%
Kyodaigumo, Naruto
8%
Vilemaw, League of Legends
5%
Coram Agh Tera, The Witcher
3%
Drider, Donjons & Dragons
3%
Kumonga, Le Fils de Godzilla
3%
Monomon, Monomon l'araignée d'eau
0%
Aucun quiz correspondant
Distribution des résultats
% des personnes avec chaque résultat
Percentile par nombre de réponses
Votre historique - résultats
Vous n’avez pas pris ce quiz